| 000 | 00743nam a2200181Ia 4500 | ||
|---|---|---|---|
| 008 | 090630s9999 xx 000 0 und d | ||
| 082 | _b26488 | ||
| 100 | _aजोशी विमला. | ||
| 245 |
_aछोटयांचे मोठे धैर्य आणि इतर कथा. _cजोशी विमला. |
||
| 260 |
_bप्रतिक - पुणे. _c2004 |
||
| 300 | _a48 | ||
| 600 | _aजोशी विमला. | ||
| 630 | _aछोटयांचे मोठे धैर्य आणि इतर कथा. | ||
| 655 | _aबालवाङमय. | ||
| 700 | _aजोशी विमला. | ||
| 730 | _aछोटयांचे मोठे धैर्य आणि इतर कथा. | ||
| 942 | _cBOOK | ||
| 999 |
_c278344 _d278344 |
||